Seleções favoritas a vencer a Copa do Mundo FIFA 2026 - Statistics

Estatísticas Gerais
  • Esse quiz foi jogado 117 vezes
  • A pontuação média é 15 de 16
Estatísticas das Respostas
Posição Seleção % Correto
Argentina
100%
Brasil
100%
Espanha
100%
França
99%
Inglaterra
98%
Alemanha
96%
Portugal
96%
Holanda
94%
14º Itália
93%
Bélgica
92%
12º Uruguai
91%
11º Marrocos
85%
13º Estados Unidos
82%
15º Colômbia
81%
16º Japão
81%
10º Croácia
76%
Nenhum quiz correspondente encontrado
Distribuição das Pontuações
Porcentagem de Pessoas com Cada Pontuação
Percentil de Números Respondidos
Sua Pontuação Histórica
Você não jogou esse quiz